FAO economic and social development paper N.87v Phát triển tiểu nông ở châu á và Thái Bình Dương: một số bài học cho việc vạch chiến lược và làm kế hoạch

Guardat en:
Dades bibliogràfiques
Autor principal: N S Randhawa
Format: Llibre
Idioma:Undetermined
Publicat: Hà Nội NN-CNTP và FAO 1991
Matèries:
Etiquetes: Afegir etiqueta
Sense etiquetes, Sigues el primer a etiquetar aquest registre!
Thư viện lưu trữ: Trung tâm Học liệu Trường Đại học Cần Thơ
LEADER 00724nam a2200193Ia 4500
001 CTU_3617
008 210402s9999 xx 000 0 und d
082 |a 330 
082 |b F218v/N.87 
100 |a N S Randhawa 
245 0 |a FAO economic and social development paper N.87v 
245 0 |b Phát triển tiểu nông ở châu á và Thái Bình Dương: một số bài học cho việc vạch chiến lược và làm kế hoạch 
245 0 |c N S Randhawa 
260 |a Hà Nội 
260 |b NN-CNTP và FAO 
260 |c 1991 
650 |a agriculture and state,economics 
904 |i Nguyễn Quang Điền, 960530 
980 |a Trung tâm Học liệu Trường Đại học Cần Thơ